000 00857nam a2200265 4500
999 _c8487
_d8487
001 22072
003 BD-DhUAP
005 20240325112623.0
008 111202s2011 gw b 000 0 eng
020 _a0198314655
020 _a9780198314653
040 _aDLC
_beng
_cBD-DhUAP
_eBD-DhUAP
_dBD-DhUAP
082 _222
_a301.2 OTH
245 0 0 _aOther culture /
_cEdited by Rachel Redford .
250 _a1st ed
260 _aOxfodr University Press;
_c2000.
300 _a144 pages ;
_c24 cm.
504 _aIncludes bibliographical references.
650 0 _aCommonwealth literature (English)
_xStudy and teaching.
650 0 _aEnglish literature
_y21st century
_xStudy and teaching.
650 0 _aEnglish language
_xStudy and teaching
_xForeign speakers.
650 0 _aMulticultural education.
700 1 _aRachel Redford .
_eEditor .
942 _2ddc
_cBK